Lamartine dans ses horizons / (Record no. 90208)

MARC details
000 -LEADER
campo de control de longitud fija 00535nam a2200181 i 4500
001 - NÚMERO DE CONTROL
campo de control 90208
003 - IDENTIFICADOR DE NÚMERO DE CONTROL
campo de control ES-MaACL
005 - FECHA Y HORA DE LA ÚLTIMA TRANSACCIÓN
campo de control 20240520143846.0
007 - CAMPO FIJO DE DESCRIPCIÓN FÍSICA--INFORMACIÓN GENERAL
campo de control de longitud fija t|
008 - DATOS DE LONGITUD FIJA--INFORMACIÓN GENERAL
campo de control de longitud fija 050119s1929 fr ||||1| fre d
100 1# - ENTRADA PRINCIPAL--NOMBRE DE PERSONA
Nombre de persona Lebey, André.
9 (RLIN) 71016
245 10 - MENCIÓN DEL TÍTULO
Título Lamartine dans ses horizons /
Mención de responsabilidad, etc. André Lebey.
260 ## - PUBLICACIÓN, DISTRIBUCIÓN, ETC.
Lugar de publicación, distribución, etc. París :
Nombre del editor, distribuidor, etc. Albin Michel,
Fecha de publicación, distribución, etc. 1929 (
Fabricante Paul Dupont)
300 ## - DESCRIPCIÓN FÍSICA
Extensión 459 p., 5 lám. ;
Dimensiones 21 cm.
600 14 - PUNTO DE ACCESO ADICIONAL DE MATERIA--NOMBRE DE PERSONA
Nombre de persona Lamartine, Alphonse de,
Fechas asociadas al nombre 1790-1869
9 (RLIN) 69776
852 ## - LOCALIZACIÓN
Ubicación ES-MaACL
Número de control de estantería A-1988
Holdings
Estatus retirado Estado de pérdida Estado de daño No para préstamo Biblioteca de origen Biblioteca actual Ubicación en estantería Fecha de adquisición Fuente de adquisición Total de préstamos Signatura topográfica completa Código de barras Visto por última vez Precio de reemplazo Tipo de ítem Koha
        Biblioteca del Ateneo de Madrid Biblioteca del Ateneo de Madrid Sala Pecera Planta 1 17/01/2008     A-1988 1094201 23/02/2023 23/02/2023 Libro impreso